000
00272nam a2200109Ia 4500
008
220204s9999 xx 000 0 und d
082
_a
66(058)(540)
_b
IND
245
0
_a
Industrial directory of India
250
_a
Ed.2
260
_a
Baroda
_b
Indian Export
_c
1962
942
_c
BK
999
_c
19796
_d
19796